Library of the University of Algiers 3
Ibrahim Sultan Cheibout
شعار جامعة الجزائر 3
مكتبة جامعة الجزائر 3
إبراهيم سلطان شيبوط

اسس الاقراض الزراعى والتمويل التعاونى / (رقم التسجيلة. 44984)

تفاصيل مارك
000 -LEADER
fixed length control field 01878nam a2200205Ia 4500
003 - CONTROL NUMBER IDENTIFIER
control field Ost
005 - DATE AND TIME OF LATEST TRANSACTION
control field 20260507075558.0
008 - FIXED-LENGTH DATA ELEMENTS--GENERAL INFORMATION
fixed length control field 260507s9999||||xx |||||||||||||| ||und||
040 ## - CATALOGING SOURCE
Transcribing agency fsecg
041 ## - LANGUAGE CODE
Language code of text/sound track or separate title ara
100 ## - MAIN ENTRY--PERSONAL NAME
Personal name فارس، علي محمود
Relator term مؤلف
245 #0 - TITLE STATEMENT
Title اسس الاقراض الزراعى والتمويل التعاونى /
Statement of responsibility, etc. علي محمود فارس
260 ## - PUBLICATION, DISTRIBUTION, ETC.
Place of publication, distribution, etc. البيضاء:
Name of publisher, distributor, etc. جامعة عمر المختار,
Date of publication, distribution, etc. 2005
300 ## - PHYSICAL DESCRIPTION
Extent 490 صفحة؛
Other physical details إيضاحات ؛
Dimensions 24 سم
504 ## - BIBLIOGRAPHY, ETC. NOTE
Bibliography, etc. note مراجع ص.495, ملاحق ص.471
520 ## - SUMMARY, ETC.
Summary, etc. اهمية الاقراض الزراعي في الدول النامية و اهمية راس المال في العمل المزرعي اضافة الى الادارة المالية المزرعية و كذا مصادر الاقراض الزراعي, تصنيف القروض الزراعية, ضمانات القروض الزراعية, ادارة القروض الزراعية كذلك الاجراءات الادارية لطلب القروض الزراعية, تكاليف القروض و الفائدة البسيطة, الفائدة المركبة, حسابات استهلاك القروض, تسديد القروض الزراعية و الكفاءة التحصيلية و التمويل التعاوني, الاشراف و المراقبة على القروض الزراعية و العلاقة التكاملية بين الاقراض الزراعي و الخدمات الزراعية الاخرى اضافة الى اسس نجاح برامج الاقراض الزراعي و التمويل التعاوني و زيادة فعاليتها, التامين و الانشطة الزراعية و اخيرا التمويل في المصارف غير الربوية (الاسلامية).
653 ## - INDEX TERM--UNCONTROLLED
Uncontrolled term الاقراض الزراعي
653 ## - INDEX TERM--UNCONTROLLED
Uncontrolled term الزراعة - تمويل
942 ## - ADDED ENTRY ELEMENTS (KOHA)
Koha item type كتب
المقتنيات
Withdrawn status Lost status Source of classification or shelving scheme Damaged status Not for loan Home library Current library Date acquired Serial enumeration / chronology Inventory number Total checkouts Full call number Barcode Date last seen Price effective from Koha item type
    Dewey Decimal Classification   NOT LOAN / إعارة داخلية مكتبة كلية العلوم الإقتصادية والعلوم التجارية وعلوم التسيير مكتبة كلية العلوم الإقتصادية والعلوم التجارية وعلوم التسيير 07/05/2026 الطابق الأرضي 2259/1   أ/2259ن1 2259/1 07/05/2026 07/05/2026 كتب
    Dewey Decimal Classification   Available مكتبة كلية العلوم الإقتصادية والعلوم التجارية وعلوم التسيير مكتبة كلية العلوم الإقتصادية والعلوم التجارية وعلوم التسيير 07/05/2026 الطابق الأرضي 2259/2   أ/2259ن2 2259/2 07/05/2026 07/05/2026 كتب
    Dewey Decimal Classification   Available مكتبة كلية العلوم الإقتصادية والعلوم التجارية وعلوم التسيير مكتبة كلية العلوم الإقتصادية والعلوم التجارية وعلوم التسيير 07/05/2026 الطابق الأرضي 2259/3   أ/2259ن3 2259/3 07/05/2026 07/05/2026 كتب
    Dewey Decimal Classification   Available مكتبة كلية العلوم الإقتصادية والعلوم التجارية وعلوم التسيير مكتبة كلية العلوم الإقتصادية والعلوم التجارية وعلوم التسيير 07/05/2026 الطابق الثاني 2259/4   أ/2259ن4 2259/4 07/05/2026 07/05/2026 كتب
    Dewey Decimal Classification   Available مكتبة كلية العلوم الإقتصادية والعلوم التجارية وعلوم التسيير مكتبة كلية العلوم الإقتصادية والعلوم التجارية وعلوم التسيير 07/05/2026 الطابق الثاني 2259/5   أ/2259ن5 2259/5 07/05/2026 07/05/2026 كتب
    Dewey Decimal Classification   Available مكتبة كلية العلوم الإقتصادية والعلوم التجارية وعلوم التسيير مكتبة كلية العلوم الإقتصادية والعلوم التجارية وعلوم التسيير 07/05/2026 الطابق الثاني 2259/6   أ/2259ن6 2259/6 07/05/2026 07/05/2026 كتب

موارد الويب المفتوحة


© University of Algiers 3 All Rights Reserved
|
Implemented by LECHELAH Riad